| 000 | 00725nam a22002175i 4500 | ||
|---|---|---|---|
| 001 | 167746 | ||
| 003 | ES-MaACL | ||
| 008 | 940206s1893 fr a |||| | fre d | ||
| 040 |
_aAR _bspa |
||
| 100 | 1 |
_aVogt, Georges. _9133821 |
|
| 245 | 1 | 3 |
_aLa porcelaine / _cpar Georges Vogt. |
| 260 |
_aParis : _bancienne Maison Quantin, Libraires-imprimeries réunies, _c[s.a.] |
||
| 300 |
_a304 p. : _bil. ; _c22 cm. |
||
| 490 | 1 | _aBibliotheque de L'enseignement des Beaux-Arts | |
| 596 | 1 | _aMarca de ed. en port. | |
| 596 | 1 | _aFecha tomada de contraportada. | |
| 650 | 4 |
_aPorcelana. _9136756 |
|
| 830 | 0 |
_aBibliotheque de L'enseignement des Beaux-Arts _9181140 |
|
| 852 |
_aES-MaACL _jB-2542 _z-- Enc. tela |
||
| 999 |
_c167746 _d167746 |
||